ห้องสมุดวิทยาลัยพยาบาลบรมราชชนนี ตรัง
Boromarajonani College Of Nursing,Trang Library
เปลี่ยนเป็นภาษาไทย

Change to English
 แสดงรายละเอียดบรรณานุกรม
  กลับหน้าหลัก

Brief Record : Get Marc (ISO 2709) : E-mail record : QR code ปิดหน้าต่าง
หนังสือใหม่ : เกี่ยวกับ Collections
LEADER 00000nam 2200000uu 4500
001    13399123856
003     BCNT
008    260605s||||||||th 000 0 tha d
020    ^a9786164078901
050  4 WO500^bห459 2567
060  0 WO500^bห459 2567
100 0  ^aลาวัลย์ ตู้จินดา
245 1   ^aหัตถการจำเป็นทางวิสัญญีวิทยา = ^bEssential procedures in anesehesia /^cลาวัลย์ ตู้จินดา.
246 3  ^aEssential procedures in anesthesia
250    ^aพิมพ์ครั้งที่ 1.
260    ^aกรุงเทพฯ : ^bภาพพิมพ์^c2567.
300    ^a375 หน้า : ^bภาพประกอบ ; ^c26 ซม.
650    ^aการระงับความรู้สึก.
999    ^aparamin
รายการนี้ยังไม่มีแท็ก
คุณยังไม่ได้ล็อกอิน คุณสามารถมีกิจกรรมร่วมกับเว็บไซต์ได้ แต่ต้องล็อกอินก่อน ::
  ล็อกอิน
ลำดับที่ ประเภท เลขเรียก สถานที่ สถานะ
1. หนังสือ
หนังสือ
WO500 ห459 2567 c.1 
  
ห้องสมุดสาขาหลัก
►ระบบ NLM
On Shelf
2. หนังสือ
หนังสือ
WO500 ห459 2567 c.2 
  
ห้องสมุดสาขาหลัก
►ระบบ NLM
On Shelf
3. หนังสือ
หนังสือ
WO500 ห459 2567 c.3 
  
ห้องสมุดสาขาหลัก
►ระบบ NLM
On Shelf
4. หนังสือ
หนังสือ
WO500 ห459 2567 c.4 
  
ห้องสมุดสาขาหลัก
►ระบบ NLM
On Shelf
5. หนังสือ
หนังสือ
WO500 ห459 2567 c.5 
  
ห้องสมุดสาขาหลัก
►ระบบ NLM
On Shelf
   [แสดง 5/5 รายการ]

รายการใกล้เคียง
    หัวเรื่อง [การระงับความรู้สึก.]

BibComment


ยังไม่เคยถูกคอมเมนท์

คอมเมนท์ทรัพยากรรายการนี้
  คอมเมนท์: หัตถการจำเป็นทา..
Bib 13399123856

 
 
 

 Union Library Management : ULibM
Copyright 2026. All Rights Reserved.